Φορτώνει......

Colonialism and the call to jihad in British India

Λεπτομέρειες βιβλιογραφικής εγγραφής
Κύριος συγγραφέας: Hasan, Tariq
Μορφή: Printed Book
Έκδοση: Sage Publications, New Delhi 2015
Θέματα:
LEADER 00419nam a2200157 4500
082
100 |a Hasan, Tariq 
245 |a Colonialism and the call to jihad in British India  |c Hasan, Tariq 
250
260 |a Sage Publications, New Delhi  |c 2015 
300
490
650 |a Jihad--The holy war 
942 |c BK 
999 |c 193196  |d 193196 
952 |0 0  |1 0  |4 0  |7 0  |9 206545  |a ISL  |b ISL  |l 0  |p ISL07075  |r 2019-10-28  |w 2019-10-28  |y BK